000 00479nam a22001697a 4500
005 20251108164226.0
008 250721s1987 xx 000 0 ara d
082 1 4 _a618.2/سبي
100 1 _aفاخوري، سبيرو
245 1 0 _aطفلك من الحمل إلى الولادة /
264 1 _aبيروت :
_bدار العلم للملايين،
_c1987.
300 _a480ص : مص
650 1 7 _aالولادة
650 1 7 _aالحمل
942 _2ddc
_cBK
999 _c6847
_d6847